[Event "SVK-ch op"]
[Site "Ruzomberok"]
[Date "2019.07.07"]
[Round "9"]
[White "Gasper, Jaroslav"]
[Black "Verba, Vladimir"]
[Result "1-0"]
[WhiteElo "1772"]
[BlackElo "1708"]
[PlyCount "41"]
[EventDate "2019.06.29"]
[EventType "swiss"]
[EventRounds "9"]
[EventCountry "SVK"]
[SourceTitle "CBM 191 Extra"]
[Source "ChessBase"]
[SourceDate "2019.09.30"]
[SourceVersion "1"]
[SourceVersionDate "2019.09.30"]
[SourceQuality "1"]

1. e4 e5 2. f4 d5 3. exd5 c6 4. dxc6 Nxc6 5. d3 Bc5 6. Nf3 Bg4 7. Be2 f6 8. Nxe5 fxe5 9. Bxg4 Nh6 10. Bf3 0-0 11. fxe5 Qd4 12. Qe2 Rae8 13. c3 Qh4+ 14. g3 Qh3 15. d4 Bxd4 16. cxd4 Rxf3 17. Qxf3 Kh8 18. Be3 Nf5 19. Rf1 g6 20. g4 Qh4+ 21. Bf2 1-0

[Event "SVK-ch op"]
[Site "Ruzomberok"]
[Date "2019.07.06"]
[Round "8"]
[White "Verba, Vladimir"]
[Black "Bartanus, Stanislav"]
[Result "0-1"]
[WhiteElo "1708"]
[BlackElo "1781"]
[PlyCount "66"]
[EventDate "2019.06.29"]
[EventType "swiss"]
[EventRounds "9"]
[EventCountry "SVK"]
[SourceTitle "CBM 191 Extra"]
[Source "ChessBase"]
[SourceDate "2019.09.30"]
[SourceVersion "1"]
[SourceVersionDate "2019.09.30"]
[SourceQuality "1"]

1. e4 c5 2. Nc3 Nc6 3. Bb5 Nd4 4. Bd3 e6 5. Nf3 Nf6 6. Nxd4 cxd4 7. Ne2 e5 8. c3 dxc3 9. bxc3 d5 10. 0-0 Be7 11. f4 0-0 12. Qc2 Qb6+ 13. Kh1 Ng4 14. fxe5 Nf2+ 15. Rxf2 Qxf2 16. Qd1 dxe4 17. Bc4 Bg4 18. Qg1 Qxg1+ 19. Kxg1 Bxe2 20. Bxe2 Rfd8 21. Rb1 b6 22. Kf2 Bg5 23. Ke1 Rd5 24. e6 fxe6 25. Bc4 Rd6 26. Rb5 h6 27. Re5 Rad8 28. Ba3 Rxd2 29. Rxe6 Kh8 30. Kf1 e3 31. Re4 Rf2+ 32. Ke1 Rxg2 33. h4 Bf6 0-1

[Event "SVK-ch op"]
[Site "Ruzomberok"]
[Date "2019.07.04"]
[Round "6"]
[White "Verba, Vladimir"]
[Black "Korenova, Simona"]
[Result "1/2-1/2"]
[WhiteElo "1708"]
[BlackElo "1764"]
[PlyCount "66"]
[EventDate "2019.06.29"]
[EventType "swiss"]
[EventRounds "9"]
[EventCountry "SVK"]
[SourceTitle "CBM 191 Extra"]
[Source "ChessBase"]
[SourceDate "2019.09.30"]
[SourceVersion "1"]
[SourceVersionDate "2019.09.30"]
[SourceQuality "1"]

1. e4 c5 2. Nc3 d6 3. f4 Nf6 4. Nf3 g6 5. Bb5+ Bd7 6. Bxd7+ Nbxd7 7. 0-0 Bg7 8. d3 0-0 9. Qe1 a6 10. Qh4 e6 11. g4 b5 12. f5 b4 13. Ne2 c4 14. Bg5 Qb6+ 15. Kh1 exf5 16. gxf5 Nh5 17. Rab1 cxd3 18. cxd3 Rac8 19. Rg1 Ne5 20. Rbf1 Rc2 21. Nc1 Rfc8 22. f6 Nxf6 23. Nxe5 dxe5 24. Bxf6 Rxc1 25. Rxc1 Rxc1 26. Rxc1 Bxf6 27. Qh6 Qe6 28. Rc4 Qg4 29. Qe3 Bg5 30. Qf2 Qd1+ 31. Kg2 Qg4+ 32. Kf1 Qd1+ 33. Kg2 Qg4+ 1/2-1/2

[Event "SVK-ch op"]
[Site "Ruzomberok"]
[Date "2019.07.02"]
[Round "4"]
[White "Verba, Vladimir"]
[Black "Druska, Robert"]
[Result "1-0"]
[WhiteElo "1708"]
[BlackElo "1918"]
[PlyCount "71"]
[EventDate "2019.06.29"]
[EventType "swiss"]
[EventRounds "9"]
[EventCountry "SVK"]
[SourceTitle "CBM 191 Extra"]
[Source "ChessBase"]
[SourceDate "2019.09.30"]
[SourceVersion "1"]
[SourceVersionDate "2019.09.30"]
[SourceQuality "1"]

1. e4 e5 2. Nf3 f5 3. Nxe5 Qf6 4. d4 d6 5. Nc4 fxe4 6. Ne3 Qf7 7. c4 Nf6 8. Nc3 Nc6 9. b3 Bd7 10. Ned5 0-0-0 11. Be3 Re8 12. Be2 h6 13. Qd2 g5 14. Nxf6 Qxf6 15. d5 Ne5 16. 0-0 Qg6 17. Qd4 b6 18. c5 Bg7 19. Qxe4 Bf5 20. Qa4 dxc5 21. Qxa7 g4 22. Nb5 Re7 23. d6 Nf3+ 24. Bxf3 gxf3 25. g3 Bxa1 26. dxe7 Be5 27. Rd1 Qc6 28. Qa4 Qe4 29. Qa6+ Qb7 30. Na7+ Kb8 31. Nc6+ Qxc6 32. Rd8+ Bc8 33. Qxc8+ Ka7 34. Qb8+ Ka6 35. Rxh8 Bxh8 36. e8Q 1-0

[Event "SVK-ch op"]
[Site "Ruzomberok"]
[Date "2019.06.29"]
[Round "1"]
[White "Verba, Vladimir"]
[Black "Bednar, Jan"]
[Result "0-1"]
[WhiteElo "1708"]
[BlackElo "2084"]
[PlyCount "114"]
[EventDate "2019.06.29"]
[EventType "swiss"]
[EventRounds "9"]
[EventCountry "SVK"]
[SourceTitle "CBM 191 Extra"]
[Source "ChessBase"]
[SourceDate "2019.09.30"]
[SourceVersion "1"]
[SourceVersionDate "2019.09.30"]
[SourceQuality "1"]

1. e4 c5 2. Nc3 Nc6 3. Bb5 Nd4 4. Nf3 Nxb5 5. Nxb5 a6 6. Nc3 e6 7. d4 cxd4 8. Qxd4 d6 9. 0-0 Qc7 10. a4 Bd7 11. Be3 Nf6 12. h3 Bc6 13. Rad1 Be7 14. Rfe1 0-0 15. Qb6 Qxb6 16. Bxb6 Rfc8 17. Nd4 Be8 18. Nb3 Nd7 19. Be3 Ne5 20. f4 Nc4 21. Bc1 Rc7 22. Nd2 Na3 23. Nf3 Nxc2 24. Re2 Nb4 25. f5 Rac8 26. Bf4 e5 27. Be3 Rc4 28. Nd2 R4c6 29. Nb3 Rxc3 30. bxc3 Rxc3 31. Na5 Bxa4 32. Rb1 Bb5 33. Ree1 Ra3 34. Bb6 d5 35. exd5 f6 36. Red1 Bd3 37. Rxb4 Bxb4 38. Nxb7 Bxf5 39. d6 Bd7 40. Bc5 a5 41. Rb1 Rd3 42. Bxb4 axb4 43. Rxb4 Bc6 44. Nd8 Rxd6 45. Rb8 Rd1+ 46. Kf2 Be8 47. Ke2 Rd7 48. Ne6 Re7 49. Nc5 Kf7 50. Ne4 Kg6 51. g4 h5 52. Ke3 hxg4 53. hxg4 Bc6 54. Ng3 Ra7 55. Nf5 Ra3+ 56. Kd2 Bd7 57. Ne3 Ra4 0-1

[Event "SVK-chT3A2 1415"]
[Site "Slovakia"]
[Date "2015.03.22"]
[Round "11.4"]
[White "Jancicka, Viliam"]
[Black "Verba, Vladimir"]
[Result "0-1"]
[WhiteElo "1757"]
[BlackElo "1789"]
[PlyCount "90"]
[EventDate "2014.10.19"]
[EventType "team-tourn"]
[EventRounds "11"]
[EventCountry "SVK"]
[SourceTitle "EXT 2019"]
[Source "ChessBase"]
[SourceDate "2018.10.10"]
[SourceVersion "1"]
[SourceVersionDate "2018.10.10"]
[SourceQuality "1"]

1. d4 g6 2. e4 Bg7 3. Nf3 c5 4. d5 d6 5. Nc3 Nf6 6. h3 0-0 7. Be2 b5 8. Bxb5 Nxe4 9. Bd2 Nxc3 10. bxc3 Qa5 11. c4 Qa3 12. c3 Bxc3 13. Bxc3 Qxc3+ 14. Nd2 Qe5+ 15. Kf1 Nd7 16. Rc1 Nb6 17. Nf3 Qf6 18. Qd2 Bd7 19. Bxd7 Nxd7 20. Ke2 Rfb8 21. Rc2 Rb6 22. Rhc1 Rab8 23. g4 Ne5 24. Nxe5 Qxe5+ 25. Qe3 Qxe3+ 26. Kxe3 e6 27. dxe6 fxe6 28. Rd1 Kf7 29. h4 h6 30. f4 Ke7 31. Ke4 Rb2 32. Rdd2 Rxc2 33. Rxc2 Rb1 34. Kf3 Rh1 35. Kg3 Rd1 36. Kf3 Kd7 37. g5 h5 38. Rc3 d5 39. cxd5 Rxd5 40. Ke3 a5 41. Rc4 Kc6 42. a4 Rd1 43. Kf3 Rd4 44. Rc3 Rxa4 45. Ke3 Rb4 0-1

[Event "SVK-chT3A2 1415"]
[Site "Slovakia"]
[Date "2015.02.22"]
[Round "9.5"]
[White "Kosiarcik, Maximilian"]
[Black "Verba, Vladimir"]
[Result "1-0"]
[WhiteElo "1437"]
[BlackElo "1789"]
[PlyCount "53"]
[EventDate "2014.10.19"]
[EventType "team-tourn"]
[EventRounds "11"]
[EventCountry "SVK"]
[SourceTitle "EXT 2019"]
[Source "ChessBase"]
[SourceDate "2018.10.10"]
[SourceVersion "1"]
[SourceVersionDate "2018.10.10"]
[SourceQuality "1"]

1. e4 g6 2. d4 Bg7 3. Nf3 c5 4. Nc3 cxd4 5. Nxd4 Nc6 6. Nf3 Nf6 7. Bc4 0-0 8. Bg5 d6 9. Qd2 Bd7 10. Bh6 Qa5 11. Bxg7 Kxg7 12. 0-0-0 Rac8 13. Bb3 b5 14. h4 b4 15. Nd5 Nxe4 16. Qe3 f5 17. h5 Qc5 18. Qf4 Nxf2 19. hxg6 Nxh1 20. Rxh1 h5 21. Rxh5 Rh8 22. Rh7+ Rxh7 23. gxh7 Rh8 24. Qg5+ Kxh7 25. Nxe7 Ne5 26. Bg8+ Rxg8 27. Qxg8+ 1-0

[Event "Humenne Reinter op"]
[Site "Humenne"]
[Date "2015.??.??"]
[Round "3"]
[White "Verba, Vladimir"]
[Black "Ondo, Tomas"]
[Result "1/2-1/2"]
[WhiteElo "1846"]
[BlackElo "1664"]
[PlyCount "108"]
[EventDate "2015.06.12"]
[EventType "swiss"]
[EventRounds "7"]
[EventCountry "SVK"]
[SourceTitle "CBM 167 Extra"]
[Source "ChessBase"]
[SourceDate "2015.09.14"]
[SourceVersion "1"]
[SourceVersionDate "2015.09.14"]
[SourceQuality "1"]

1. Nf3 d5 2. c4 e6 3. g3 c6 4. b3 f5 5. Bb2 Nf6 6. Bg2 Be7 7. 0-0 0-0 8. d4 Bd7 9. Ne5 Be8 10. Nd2 Nbd7 11. Ndf3 Nxe5 12. Nxe5 Nd7 13. f4 Nf6 14. a4 Ne4 15. Bxe4 fxe4 16. e3 Bd6 17. Ba3 Bxa3 18. Rxa3 g6 19. Ra2 Bd7 20. g4 Qe7 21. g5 Rad8 22. c5 a6 23. h4 Be8 24. Qg4 Bf7 25. Rh2 Qe8 26. Kg2 Kg7 27. Qh3 Rh8 28. Ng4 Qe7 29. Nf6 Qc7 30. b4 Qb8 31. a5 Qc8 32. h5 Qb8 33. Ng4 Qc8 34. Ne5 Qb8 35. Kg1 Qc7 36. Rhf2 Qe7 37. Qg4 Be8 38. Rh2 Bd7 39. Nxd7 Qxd7 40. hxg6 hxg6 41. Rff2 Qc8 42. Kf1 Rde8 43. Ke1 Ref8 44. Rfg2 Re8 45. Rh6 Ref8 46. Rgh2 Rfg8 47. Kf2 Rxh6 48. Rxh6 Rh8 49. Qh4 Qg8 50. Qh2 Rxh6 51. Qxh6+ Kf7 52. Kg3 Qg7 53. Kg4 Kf8 54. Kh4 Kf7 1/2-1/2

[Event "Humenne Reinter op"]
[Site "Humenne"]
[Date "2015.??.??"]
[Round "7"]
[White "Verba, Vladimir"]
[Black "Pcola, Jaroslav"]
[Result "1-0"]
[WhiteElo "1846"]
[BlackElo "1974"]
[PlyCount "65"]
[EventDate "2015.06.12"]
[EventType "swiss"]
[EventRounds "7"]
[EventCountry "SVK"]
[SourceTitle "CBM 167 Extra"]
[Source "ChessBase"]
[SourceDate "2015.09.14"]
[SourceVersion "1"]
[SourceVersionDate "2015.09.14"]
[SourceQuality "1"]

1. Nf3 d5 2. c4 Nf6 3. g3 Nc6 4. b3 d4 5. d3 e5 6. Bg2 Bg4 7. Nbd2 Qd7 8. 0-0 Bh3 9. Re1 Bxg2 10. Kxg2 0-0-0 11. a3 Be7 12. b4 h5 13. h4 Ng4 14. Nf1 f6 15. b5 Nb8 16. N1h2 g5 17. Nxg4 hxg4 18. Nd2 gxh4 19. gxh4 Rxh4 20. Rh1 Rdh8 21. Rxh4 Rxh4 22. Nf1 f5 23. e3 dxe3 24. fxe3 Bd6 25. Bb2 Qh7 26. c5 f4 27. cxd6 f3+ 28. Kf2 Rh1 29. Bxe5 Qh3 30. e4 Nd7 31. Qb3 Qh7 32. Qe6 Kd8 33. dxc7+ 1-0

[Event "SVK-chT3A2 1415"]
[Site "Slovakia"]
[Date "2014.11.30"]
[Round "4.2"]
[White "Holicky, Miroslav"]
[Black "Verba, Vladimir"]
[Result "0-1"]
[WhiteElo "1807"]
[BlackElo "1789"]
[PlyCount "80"]
[EventDate "2014.10.19"]
[EventType "team-tourn"]
[EventRounds "11"]
[EventCountry "SVK"]
[SourceTitle "EXT 2019"]
[Source "ChessBase"]
[SourceDate "2018.10.10"]
[SourceVersion "1"]
[SourceVersionDate "2018.10.10"]
[SourceQuality "1"]

1. d4 g6 2. c4 Bg7 3. Nf3 c5 4. d5 d6 5. Nc3 e6 6. e4 exd5 7. cxd5 Nf6 8. Be2 0-0 9. 0-0 a6 10. a4 Re8 11. Nd2 Nbd7 12. f4 Qc7 13. Qc2 Nb6 14. a5 Nbd7 15. Nc4 b5 16. axb6 Nxb6 17. Ne3 Qe7 18. Bf3 c4 19. Bd2 Nfd7 20. Na4 Bd4 21. Rfe1 Qf6 22. g3 g5 23. Kg2 gxf4 24. Nf5 Nxa4 25. Qxa4 fxg3 26. hxg3 Bxb2 27. Rab1 Be5 28. Rh1 c3 29. Rh6 Qd8 30. Rbh1 Nc5 31. Qc2 Bxf5 32. exf5 cxd2 33. f6 Bxf6 34. Qxh7+ Kf8 35. Qf5 Re5 36. Qg4 Rg5 37. Qf4 Be5 38. Rh8+ Rg8 39. Qg5 Bxh8 40. Rxh8 Rxh8 0-1